00673nam a2200241 a 4500001001300000003000900013005001700022008004100039020002300080082001300103100001700116245002800133260003000161300000900191500003500200505001300235650002200248700001700270902000800287942000700295952011400302999001500416nice12345678IN_TiNIC20260116012946.0050524s1973 u sa grp 000 0 eng  a0882079 c10000a253bGET aGetz, Gene A aBuilding Up One Another aU S AbVictor Booksc1973 a120p aincludes index and biblioraphy2 aAppendex aPastoral Theology1 aGetz, Gene A bSRS cBK 001040708StackRoom-aHMIbHMId2007-07-09g100.00l0o253 GETp010251r2007-07-09v100.00w2005-05-24yBK c9055d9055